000 00281nam a2200109Ia 4500
008 220204s9999 xx 000 0 und d
082 _a681.31
_bLEH
100 _aLehman, Richard S
245 0 _aComputer simulation and modeling
260 _aNew York
_bJohn Wiley
_c1977
942 _cBK
999 _c36079
_d36079